MAASAI MARA UNIVERSITY

LIBRARY CATALOGUE

Contact Us: +254 020 2685356/7 or 0774 057787

Box: 861-20500, NAROK, KENYA

Email: info@mmarau.ac.ke

One foot out the door : (Record no. 19351)

MARC details
000 -LEADER
fixed length control field 00975nam a22002537a 4500
003 - CONTROL NUMBER IDENTIFIER
control field OSt
005 - DATE AND TIME OF LATEST TRANSACTION
control field 20210128152524.0
008 - FIXED-LENGTH DATA ELEMENTS--GENERAL INFORMATION
fixed length control field 161008b xxu||||| |||| 00| 0 eng d
010 ## - LIBRARY OF CONGRESS CONTROL NUMBER
LC control number 2007020973
020 ## - INTERNATIONAL STANDARD BOOK NUMBER
International Standard Book Number 9780814480588
040 ## - CATALOGING SOURCE
Original cataloging agency MMU
Transcribing agency MMU
Modifying agency MMU
Language of cataloging eng
050 00 - LIBRARY OF CONGRESS CALL NUMBER
Classification number HF5548.8
Item number .B2435 2008
100 1# - MAIN ENTRY--PERSONAL NAME
Personal name Bardwick, Judith M.,
Dates associated with a name 1933-
245 10 - TITLE STATEMENT
Title One foot out the door :
Remainder of title how to combat the psychological recession that's alienating employees and hurting American business /
Statement of responsibility, etc. Judith M. Bardwick.
260 ## - PUBLICATION, DISTRIBUTION, ETC. (IMPRINT)
Place of publication, distribution, etc. New York :
Name of publisher, distributor, etc. AMACOM/ American Management Association,
Date of publication, distribution, etc. c2008.
300 ## - PHYSICAL DESCRIPTION
Extent xiv, 226 p. :
Dimensions 24 cm.
500 ## - GENERAL NOTE
General note Includes bibliographical references (p. 203-216) and index.
650 #0 - SUBJECT ADDED ENTRY--TOPICAL TERM
Topical term or geographic name as entry element Psychology, Industrial
Geographic subdivision United States.
650 #0 - SUBJECT ADDED ENTRY--TOPICAL TERM
Topical term or geographic name as entry element Employees
Geographic subdivision United States
General subdivision Attitudes.
650 #0 - SUBJECT ADDED ENTRY--TOPICAL TERM
Topical term or geographic name as entry element Employee morale
Geographic subdivision United States.
650 #0 - SUBJECT ADDED ENTRY--TOPICAL TERM
Topical term or geographic name as entry element Management
General subdivision Psychological aspects.
650 #0 - SUBJECT ADDED ENTRY--TOPICAL TERM
Topical term or geographic name as entry element Quality of work life
Geographic subdivision United States.
942 ## - ADDED ENTRY ELEMENTS (KOHA)
Source of classification or shelving scheme Library of Congress Classification
Koha item type L
Holdings
Withdrawn status Lost status Source of classification or shelving scheme Damaged status Not for loan Home library Current library Date acquired Source of acquisition Total Checkouts Full call number Barcode Date last seen Price effective from Koha item type Date last checked out
    Library of Congress Classification     Maasai Mara University Library -Main Campus Maasai Mara University Library -Main Campus 10/08/2016 Donation -T4C   HF5548.8 .B2435 2007 17024248 10/08/2016 10/08/2016 L  
    Library of Congress Classification     Maasai Mara University Library -Main Campus Maasai Mara University Library -Main Campus 10/26/2016 Donation -T4C   HF 5548.8 .B2435 2007 17024272 10/26/2016 10/26/2016 L  
    Library of Congress Classification     Maasai Mara University Library -Main Campus Maasai Mara University Library -Main Campus 11/03/2016 Donation T4C   HF5548.8 .B2435 2007 17024208 11/03/2016 11/03/2016 L  
    Library of Congress Classification     Maasai Mara University Library -Main Campus Maasai Mara University Library -Main Campus 11/16/2016 Donation-T4C   HF5548.8.B2435 2007 16018346 11/16/2016 11/16/2016 SL  
    Library of Congress Classification     Maasai Mara University Library -Main Campus Maasai Mara University Library -Main Campus 11/16/2016 Donation-T4C   HF 5548.8 .B2435 2007 16018347 11/16/2016 11/16/2016 L  
    Library of Congress Classification     Maasai Mara University Library -Main Campus Maasai Mara University Library -Main Campus 12/08/2016 Donation -T4C   HF5548.8 .B2435 2007 16018832 12/08/2016 12/08/2016 L  
    Library of Congress Classification     Maasai Mara University Library -Main Campus Maasai Mara University Library -Main Campus 12/08/2016 Donation -T4C 1 HF5548.8 .B2435 2007 16018763 04/25/2018 12/08/2016 L 04/19/2018
© 2016 Maasai Mara University.